| 000 | 00530cam a2200193 4500 | ||
|---|---|---|---|
| 001 | D7931 | ||
| 008 | 090401t1962 xxu||||| |||| 00| 0 eng d | ||
| 035 | _a(Sirsi) u10155 | ||
| 041 | _aeng | ||
| 050 | _a346.410435 | ||
| 100 | _aPoole, R. | ||
| 245 | 4 | _aThe valuation of pipe-line easements and wayleaves; including a description of the Pipe-Lines Act, 1962 | |
| 260 |
_aLondon _bEstates Gazette _c1962 |
||
| 300 | _axvi. 189p. 1 plate. 23cm | ||
| 350 | _a1.5 | ||
| 700 | _aPoole, P.M. | ||
| 942 | _n0 | ||
| 948 | _c04/03/1997 | ||
| 999 |
_c86709 _d86709 |
||